Learning Resource and Development

Conservation biology : (Record no. 25012)

MARC details
000 -LEADER
fixed length control field 03384cas a2200661 a 4500
001 - CONTROL NUMBER
control field conservationbiol232soci
003 - CONTROL NUMBER IDENTIFIER
control field CaSfIA
005 - DATE AND TIME OF LATEST TRANSACTION
control field 20230525155322.0
007 - PHYSICAL DESCRIPTION FIXED FIELD--GENERAL INFORMATION
fixed length control field cr||||
008 - FIXED-LENGTH DATA ELEMENTS--GENERAL INFORMATION
fixed length control field 860617c19879999maubr p 0 a0eng c
010 ## - LIBRARY OF CONGRESS CONTROL NUMBER
LC control number 88659972
Canceled/invalid LC control number sn 86014225
012 ## -
-- -3-7-1002110532-p-----
016 7# - NATIONAL BIBLIOGRAPHIC AGENCY CONTROL NUMBER
Record control number 9882301
Source DNLM
022 0# - INTERNATIONAL STANDARD SERIAL NUMBER
International Standard Serial Number 0888-8892
ISSN-L 0888-8892
Source 1
030 ## - CODEN DESIGNATION
CODEN CBIOEF
032 ## - POSTAL REGISTRATION NUMBER
Postal registration number 003917
Source agency assigning number USPS
035 ## - SYSTEM CONTROL NUMBER
System control number (OCoLC)ocm13740815
037 ## - SOURCE OF ACQUISITION
Source of stock number/acquisition Journals Subscription Dept., Blackwell Science, Inc., 238 Main Street, Cambridge, MA
040 ## - CATALOGING SOURCE
Original cataloging agency NSDP
Transcribing agency NSDP
Modifying agency MH
-- NSDP
-- NST
-- DI
-- DLC
-- DNAL
-- DLC
-- NST
-- N
-- NSDP
-- NST
-- DNAL
-- NST
-- DLC
-- InU
-- OCoLC
-- MCM
-- TNJ
-- CU-S
-- DLC
-- MH
-- OCoLC
-- PBL
-- DNLM
-- DLC
-- OCoLC
-- CaQMU
-- NLGGC
-- DNLM
-- MiEM
-- MtU
-- OCoLC
-- CaSfIA
042 ## - AUTHENTICATION CODE
Authentication code nsdp
-- pcc
050 00 - LIBRARY OF CONGRESS CALL NUMBER
Classification number QH75.A1
Item number C665
051 ## - LIBRARY OF CONGRESS COPY, ISSUE, OFFPRINT STATEMENT
Classification number http://www.jstor.org/journals/08888892.html
Copy information ELECTRONIC COPY
060 00 - NATIONAL LIBRARY OF MEDICINE CALL NUMBER
Classification number W1
Item number CO748F
070 0# - NATIONAL AGRICULTURAL LIBRARY CALL NUMBER
Classification number QH75.A1C5
072 #0 - SUBJECT CATEGORY CODE
Subject category code P000
082 00 - DEWEY DECIMAL CLASSIFICATION NUMBER
Classification number 639.9/05
Edition number 19
210 0# - ABBREVIATED TITLE
Abbreviated title Conserv. biol.
222 #0 - KEY TITLE
Key title Conservation biology
245 00 - TITLE STATEMENT
Title Conservation biology :
Medium [electronic resource]
Remainder of title the journal of the Society for Conservation Biology.
260 ## - PUBLICATION, DISTRIBUTION, ETC.
Place of publication, distribution, etc. Boston, Mass. :
Name of publisher, distributor, etc. Blackwell Scientific Publications,
Date of publication, distribution, etc. 1987-
300 ## - PHYSICAL DESCRIPTION
Extent v. :
Other physical details ill. ;
Dimensions 28 cm.
310 ## - CURRENT PUBLICATION FREQUENCY
Current publication frequency Bimonthly,
Date of current publication frequency 1995-
321 ## - FORMER PUBLICATION FREQUENCY
Former publication frequency Quarterly,
Dates of former publication frequency 1987-1994
362 0# - DATES OF PUBLICATION AND/OR SEQUENTIAL DESIGNATION
Dates of publication and/or sequential designation Vol. 1, no. 1 (May 1987)-
500 ## - GENERAL NOTE
General note Title from cover.
500 ## - GENERAL NOTE
General note Imprint varies.
500 ## - GENERAL NOTE
General note Latest issue consulted: Vol. 20, no. 2 (Apr. 2006).
590 ## - LOCAL NOTE (RLIN)
Local note SERBIB/SERLOC merged record
650 #0 - SUBJECT ADDED ENTRY--TOPICAL TERM
Topical term or geographic name entry element Conservation biology
Form subdivision Periodicals.
650 #6 - SUBJECT ADDED ENTRY--TOPICAL TERM
Topical term or geographic name entry element Biologie de la conservation
Form subdivision Périodiques.
650 17 - SUBJECT ADDED ENTRY--TOPICAL TERM
Topical term or geographic name entry element Natuurbehoud.
Source of heading or term gtt
650 12 - SUBJECT ADDED ENTRY--TOPICAL TERM
Topical term or geographic name entry element Conservation of Natural Resources
Form subdivision Periodicals.
650 22 - SUBJECT ADDED ENTRY--TOPICAL TERM
Topical term or geographic name entry element Biology
Form subdivision Periodicals.
650 22 - SUBJECT ADDED ENTRY--TOPICAL TERM
Topical term or geographic name entry element Environment
Form subdivision Periodicals.
710 2# - ADDED ENTRY--CORPORATE NAME
Corporate name or jurisdiction name as entry element Society for Conservation Biology.
776 08 - ADDITIONAL PHYSICAL FORM ENTRY
Relationship information Online version:
Title Conservation biology (Online)
International Standard Serial Number 1523-1739
Record control number (DLC)sn 98005135
-- (OCoLC)40578314
856 41 - ELECTRONIC LOCATION AND ACCESS
Uniform Resource Identifier <a href="http://www.archive.org/details/conservationbiol232soci">http://www.archive.org/details/conservationbiol232soci</a>
Public note Free eBook from the Internet Archive
Materials specified Volume 23-2
859 41 - LOCAL CONTROL INFORMATION (RLIN)
-- http://firstsearch.oclc.org
-- Address for accessing the journal using authorization number and password through OCLC FirstSearch Electronic Collections Online. Subscription to online journal required for access to abstracts and full text
859 41 - LOCAL CONTROL INFORMATION (RLIN)
-- http://firstsearch.oclc.org/journal=0888-8892;screen=info;ECOIP
-- Address for accessing the journal from an authorized IP address through OCLC FirstSearch Electronic Collections Online. Subscription to online journal required for access to abstracts and full text
859 41 - LOCAL CONTROL INFORMATION (RLIN)
-- http://www.blackwell-synergy.com/member/institutions/issuelist.asp?journal=cb
859 41 - LOCAL CONTROL INFORMATION (RLIN)
-- http://www.jstor.org/journals/08888892.html
859 4# - LOCAL CONTROL INFORMATION (RLIN)
-- http://www.blackwell-synergy.com/loi/cbi
890 ## -
-- Conservation biology.
-- 88-659972
Holdings
Withdrawn status Lost status Damaged status Not for loan Collection Home library Current library Date acquired Total Checkouts Full call number Date last seen Price effective from Koha item type
        Project Gutenberg Main Library Main Library 05/25/2023   QH75.A1 C665 05/25/2023 05/25/2023 EBooks